000 00533nam a2200217Ia 4500
003 OSt
005 20221007082438.0
006 a|||||r|||| 00| 0
007 ta
008 221006b |||||||| |||| 00| 0 eng d
024 _a26,190
037 _cTextual
040 _aFLL
_cFLL
_beng
041 _2eng
_aeng
082 _aV2,31:3.N78t,P, L8.3
245 0 _aCommittee of privileges
260 _c1978
300 _aiii,1-355p
_ccm.
942 _hV2,31:3.N78t,P, L8.3
_cTEXL
_2CC
999 _c1166452
_d1166452